00397nam a2200133Ia 45000010005000000080041000050820025000461000099000712450021001702600024001915900007002159010026002229990015002483216241024s9999 xx 000 0 und d aRD/370.71/R426m/SNSE aRepública Dominicana. Ministerio de Educación. Sistema Nacional de Supervisión Educativa 0aManual operativo bSanto Domingoc2012 asi a5/9/2013 1:36:59 p.m. c9210d9210